लोड हो रहा है...

Bean and Lockwood's Rating Valuation Practice

ग्रंथसूची विवरण
मुख्य लेखक: Basset, john C
अन्य लेखक: Wheeler Clement
स्वरूप: Printed Book
भाषा:English
प्रकाशित: London Stevens & Sons 1969
संस्करण:6th ed
LEADER 00639nam a2200241 a 4500
001 adlib96000001
003 ViArRB
005 20151026130950.0
008 960221s1955 dcuabcdjdbkoqu001 0deng d
020
022
040 |a Adlib 
082 |a 351.713 
245 |a Bean and Lockwood's Rating Valuation Practice 
250 |a 6th ed 
260 |a London  |b Stevens & Sons  |c 1969 
300 |a xxvii, 435 p. 
500 |a   
100 |a Basset, john C 
700 |a Wheeler Clement 
942 |c BK  |6 _ 
999 |c 17437  |d 17437 
952 |0 0  |1 0  |4 0  |6 351713_BAS  |7 0  |9 28971  |a UL  |b UL  |d 2010-06-16  |o 351.713 BAS  |p 00014294  |r 2010-06-16  |w 2010-06-16  |y BK